00937nam a22001937a 4500003000400000008004100004020001800045082001800063100001800081245009600099260006300195300001700258650008200275700001800357942001200375999001700387952016800404952017100572OSt260626b |||||||| |||| 00| 0 eng d a9788170196167 a631.521bL19P aLal, Shankar  aPrinciples and Practices of Seed Production of Vegetables Crops /by Shankar Lal...[et al.] aDelhi : bToday & Tomorrow Printers and Publishers,c2018. axxxi, 330 p. a Technology (Applied Sciences) | Agriculture and Related Technologies | Seeds aLal, Shankar  2ddccBK c52363d52363 00102ddc4070aRAUbRAUcGENd2026-06-26eToday & Tomorrow Printers and Publishers g4495.00o631.521 L19Pp87633r2026-06-26w2026-01-29yBKkBill No. IN-00449  00102ddc4070aRAUbRAUcGENd2026-06-26eToday & Tomorrow Printers and Publishers g4495.00l0o631.521 L19Pp87634r2026-06-26w2026-01-29yBKkBill No. IN-00449